• 首页
  • 本馆介绍
  • 公告通知
  • 最新文献
  • 馆藏检索
  • 电子资源
  • 读者导购
  • 参考咨询
  • 我的图书馆
  • 登录
  • 详细信息显示
  • 放入我的书架
  • 预约/预借图书
  • 作者相关作品
  • 分类相关作品
  • 丛书相关作品
  • 出版社相关作品

书目信息

  • 表格格式
  • 工作单格式
  • 卡片格式
题名:
新时代大学进阶英语
    
 
作者: 王欣, , 傅正蓉 , 石坚, , 邹申, , 金雯 主编
分册: 1   视听说教程教学参考书
出版信息: 南京   南京大学出版社  2021.05
页数: 11, 247页
开本: 28cm
丛书名:
单 册:
中图分类: H319.39 , H319.9
科图分类:
主题词: 英语--ying yu--高等学校--教材 , 英语--ying yu--听力--高等学校--教学参考资料 , 英语--ying yu--口语--高等学校--教学参考资料
电子资源:
ISBN: 978-7-305-24368-4
000 01658nam 2200373 450
001 CAL 012022050909
005 20230307174617.50
010    @a978-7-305-24368-4@dCNY90.00
100    @a20221115d2021 em y0chiy0120 ea
101 0  @achi@aeng
102    @aCN@b320000
105    @aa z 000yy
106    @ar
200 1  @a新时代大学进阶英语@Axin shi dai da xue jin jie ying yu@i视听说教程教学参考书@h1@d= Intermediate college English for new era@iListening, speaking and critical thinking with Chinese classics@h1@f石坚, 邹申, 金雯总主编@zeng
205    @a第2版
210    @a南京@c南京大学出版社@d2021.05
215    @a11, 247页@c彩图@d28cm
314    @a书内题: 王欣, 傅正蓉本册主编
330    @a本书共六个单元, 每单元分七个部分, 包含了英语基础知识和听力技巧的训练、听力训练、观看视频并开展讨论的训练、口语表述能力和思辨能力训练、大学英语四六级考试中的听力测试、单元复习等。
333    @a“十二五”全国普通高等教育本科规划教材
510 1  @aIntermediate college English for new era@iListening, speaking and critical thinking with Chinese classics@h1@zeng
517 1  @a视听说教程教学参考书@Ashi ting shuo jiao cheng jiao xue can kao shu
606 0  @a英语@Aying yu@x高等学校@j教材
606 0  @a英语@Aying yu@x听力@x高等学校@j教学参考资料
606 0  @a英语@Aying yu@x口语@x高等学校@j教学参考资料
690    @aH319.39@v5
690    @aH319.9@v5
701  0 @a王欣,@Awang xin@f1971-@4主编
701  0 @a傅正蓉@Afu zheng rong@4主编
701  0 @a石坚,@Ashi jian@f1952-@4主编
701  0 @a邹申,@Azou shen@f1956-@4主编
701  0 @a金雯@Ajin wen zong@4主编
801  0 @aCN@bBJXHZP@c20230228
905    @b1408174-6@dH319.39@e1480=2:1@f3
    
    新时代大学进阶英语.视听说教程教学参考书.1= Intermediate college English for new era.Listening, speaking and critical thinking with Chinese classics.1/石坚, 邹申, 金雯总主编.-第2版.-南京:南京大学出版社,2021.05
    11, 247页:彩图;28cm
    使用对象:“十二五”全国普通高等教育本科规划教材
    
    ISBN 978-7-305-24368-4:CNY90.00
    本书共六个单元, 每单元分七个部分, 包含了英语基础知识和听力技巧的训练、听力训练、观看视频并开展讨论的训练、口语表述能力和思辨能力训练、大学英语四六级考试中的听力测试、单元复习等。
●
相关链接 在E读中查询图书 在五车中查询图书 在当当中查询图书 在豆瓣中查询图书


正题名:新时代大学进阶英语     索取号:H319.39/1480=2:1         预约/预借

序号 登录号 条形码 馆藏地/架位号 状态 备注
1 1408174   214081740   第二样本阅览室/ [索取号:H319.39/1480=2:1] 在馆    
2 1408175   214081759   第四借阅区/ [索取号:H319.39/1480=2:1] 在馆    
3 1408176   214081768   第四借阅区/ [索取号:H319.39/1480=2:1] 在馆    
唐山师范学院图书馆 欢迎您!
大连网信软件有限公司© 版权所有